000 00627nam a2200241Ia 4500
003 OSt
005 20221005083451.0
006 a|||||r|||| 00| 0
007 ta
008 221004b |||||||| |||| 00| 0 eng d
024 _a67987
037 _cTextual
040 _aCRL
_cCRL
_beng
041 _2eng
_aeng
082 _aX:741.2'N9, N1
100 _aRamachandran K.S.
245 0 _aInflation
_b The critical issues
260 _aNew Delhi
_bVikas India
_c1991
300 _a190p.
_ccm.
650 _aECONOMICS
942 _hX:741.2'N9, N1
_cTEXL
_2cc
999 _c991023
_d991023